000
00338nam a22001577a 4500
003
SGT
020
_a
818974788-6
082
_a
547.7
_b
KAU
100
_a
KAUR, SANDEEP
245
_a
NATURAL PRODUCT CHEMISTRY
250
_a
2ND
260
_a
INDIA
_b
BIRLA PUB.
_c
2026
300
_a
235
650
_a
PRODUCT CHEMISTRY
942
_2
ddc
_c
BK
999
_c
32977
_d
32977